书目信息 |
| 题名: |
全国造价工程师执业资格考试三阶段复习法应考指南
|
|
| 作者: | 贾宏俊 主编 ;本册吴新华 主编 | |
| 分册: | 科目一 工程造价管理基础理论与相关法规 | |
| 出版信息: | 北京 中国建筑工业出版社 2011.04 |
|
| 页数: | 275页 | |
| 开本: | 26cm | |
| 丛书名: | 执业资格考试丛书 | |
| 单 册: | ||
| 中图分类: | TU723.3 | |
| 科图分类: | ||
| 主题词: | 建筑造价管理--jian zhu zao jia guan li--建筑法--工程技术人员--资格考试--中国--自学参考资料 , 建筑造价管理--jian zhu zao jia guan li--工程技术人员--资格考试--自学参考资料 | |
| 电子资源: | ||
| ISBN: | 978-7-112-13040-5 | |
| 000 | 01446nam 2200313 450 | |
| 001 | B20110031729 | |
| 005 | 20110722190251.90 | |
| 010 | @a978-7-112-13040-5@dCNY40.00 | |
| 100 | @a20110426d2011 km y0chiy50 ea | |
| 101 | 0 | @achi |
| 102 | @aCN@b110000 | |
| 105 | @aak z 000yy | |
| 106 | @ar | |
| 200 | 1 | @a全国造价工程师执业资格考试三阶段复习法应考指南@Aquan guo zao jia gong cheng shi zhi ye zi ge kao shi san jie duan fu xi fa ying kao zhi nan@e2011@g本册吴新华主编@Gben ce wu xin hua zhu bian@h科目一@i工程造价管理基础理论与相关法规@f主编贾宏俊@Fzhu bian jia hong jun |
| 210 | @a北京@c中国建筑工业出版社@d2011.04 | |
| 215 | @a275页@c图@d26cm | |
| 225 | 2 | @a执业资格考试丛书@Azhi ye zi ge kao shi cong shu |
| 330 | @a本书内容:第一阶段、考点串讲;第二阶段、习题解析;第三阶段、模拟冲刺。 | |
| 333 | @a本书可供参加全国造价工程师执业资格考试的考生自学使用,也可作为培训机构的培训教材使用。 | |
| 410 | 0 | @12001 @a执业资格考试丛书 |
| 517 | 1 | @a工程造价管理基础理论与相关法规@Agong cheng zao jia guan li ji chu li lun yu xiang guan fa gui |
| 586 | @a | |
| 606 | 0 | @a建筑造价管理@Ajian zhu zao jia guan li@x建筑法@x工程技术人员@x资格考试@y中国@j自学参考资料 |
| 606 | 0 | @a建筑造价管理@Ajian zhu zao jia guan li@x工程技术人员@x资格考试@j自学参考资料 |
| 690 | @aTU723.3@v5 | |
| 701 | 0 | @a贾宏俊@Ajia hong jun@4主编 |
| 702 | 0 | @a本册吴新华@Aben ce wu xin hua@4主编 |
| 801 | 0 | @aCN@c20110610 |
| 905 | @dTU723.3@eJ2404:1@f10 | |
| 全国造价工程师执业资格考试三阶段复习法应考指南:2011/本册吴新华主编.科目一.工程造价管理基础理论与相关法规/主编贾宏俊.-北京:中国建筑工业出版社,2011.04 |
| 275页:图;26cm.-(执业资格考试丛书) |
| 使用对象:本书可供参加全国造价工程师执业资格考试的考生自学使用,也可作为培训机构的培训教材使用。 |
| ISBN 978-7-112-13040-5:CNY40.00 |
| 本书内容:第一阶段、考点串讲;第二阶段、习题解析;第三阶段、模拟冲刺。 |
| ● |
| 相关链接 |
|
|
|
正题名:全国造价工程师执业资格考试三阶段复习法应
索取号:TU723.3/J2404:1
 
预约/预借
| 序号 | 登录号 | 条形码 | 馆藏地/架位号 | 状态 | 备注 |
| 1 | 886568 | 208865682 | 建筑库201/201建筑库 35排1列2层/ [索取号:TU723.3/J2404:1] | 在馆 | |
| 2 | 886569 | 208865691 | 自科二线404/404自科库 6排5列2层/ [索取号:TU723.3/J2404:1] | 在馆 | |
| 3 | 886570 | 208865708 | 建筑库201/201建筑库 35排1列2层/ [索取号:TU723.3/J2404:1] | 在馆 | |
| 4 | 886571 | 208865717 | 自科二线404/404自科库 6排5列2层/ [索取号:TU723.3/J2404:1] | 在馆 | |
| 5 | 886572 | 208865726 | 建筑库201/201建筑库 35排1列2层/ [索取号:TU723.3/J2404:1] | 在馆 | |
| 6 | 886573 | 208865735 | 自科二线404/404自科库 6排5列2层/ [索取号:TU723.3/J2404:1] | 在馆 | |
| 7 | 886574 | 208865744 | 自科二线404/404自科库 6排5列2层/ [索取号:TU723.3/J2404:1] | 在馆 | |
| 8 | 886575 | 208865753 | 自科二线404/404自科库 6排5列2层/ [索取号:TU723.3/J2404:1] | 在馆 | |
| 9 | 886576 | 208865762 | 建筑库201/201建筑库 35排1列2层/ [索取号:TU723.3/J2404:1] | 在馆 | |
| 10 | 886577 | 208865771 | 建筑库201/201建筑库 35排1列2层/ [索取号:TU723.3/J2404:1] | 在馆 |